000 00706nam a2200289Ia 4500
005 20260324150347.0
008 008 260324s9999 xx 000 0 eng d
020 _a9781315032580
037 _aEBOOK
040 _aCRL
040 _beng
040 _cCRL
041 _2eng
041 _aeng
084 _qCRL
100 _aCharles Babbage
_91226149
245 0 _aExposition of 1851
245 0 _bOr Views of the Industry, The Science and the Government of England
260 _bTaylor and Francis
260 _c1968
365 _a
365 _b300
856 _uhttp://www.taylorfrancis.com/books/9781315032580
942 _cEBOOK
999 _c1835469
_d1835469